000 00263nam a2200109 a 4500
008 101208s1968|||| d
245 1 0 _aFilm a diafilm vo vzučovaní zemepisu
260 _bSPN
_aBratislava
_c1968
020 _c14
041 _aslo
044 _axo
_cSK
999 _c14935
_d14935